O tuberkulóze a boji proti nej

Bibliographic Details
Main Author: Markovič, Jozef lekár (Author)
Format: Book
Language:Slovak
PhysicalDescription:16 s. V. 8°
Published: Bratislava Výskumný ústav zdravotníckej osvety 1955
Edition:2. vyd.
Series:Zdravotnícke aktuality
Subjects:

MARC

LEADER 00000cam a2200000 a 4500
001 vtls008384532
003 SK-MaSNL
005 20260301165031.0
008 251029s1955 xo 000 0 slo
015 |a SKSNBA19451955-007205 
035 |a SK01SNKBKSFS20020076749 
035 |a SKM000079212 
040 |a SNK  |b slo  |c SNK  |e AACR2 
041 0 |a slo 
044 |a xo  |c SK 
080 |a 616-002.5  |2 1981 
100 1 |a Markovič, Jozef  |c lekár  |4 aut  |9 533247 
245 1 0 |a O tuberkulóze a boji proti nej  |c J[ozef] Markovič [lekár] 
250 |a 2. vyd. 
260 |a Bratislava  |b Výskumný ústav zdravotníckej osvety  |c 1955  |e Prešov  |f Dukelské tlačiarne 
300 |a 16 s.  |c V. 8° 
366 |e 10000 výtl. 
490 1 |a Zdravotnícke aktuality  |v zv. 15 
510 0 |a Rok vyd. v tiráži 1956 
650 0 7 |a tuberkulóza  |x prevencia  |x liečba  |2 SNK  |9 533248 
655 7 |a knihy  |2 SNKPH  |9 307098 
830 0 |a Zdravotnícke aktuality  |9 288667 
852 |a Slovenská národná knižnica 
958 |a OND 
958 |a RK 
958 |a TL 
999 |c 822739  |d 824669 
952 |a SNK  |b SNK  |y PREZ  |7 0  |p 17A0445501  |o snkSD 10604  |i snkKSP 657/56  |0 0  |1 0  |4 0  |d 2004-09-30  |l 0  |r 2025-11-24 00:00:00  |w 2026-02-24 
952 |a SNK  |b SNK  |y VYP  |7 0  |p 17A1187476  |o snkSD 10604 D1  |i snkKSP 658/56  |0 0  |1 0  |4 0  |d 2017-02-23  |l 0  |r 2026-02-24 03:11:54  |w 2026-02-24